| 000 | 00486 a2200169 4500 | ||
|---|---|---|---|
| 003 | Nust | ||
| 005 | 20230227123257.0 | ||
| 040 | _cNust | ||
| 082 | _a294.5,RAD | ||
| 100 |
_aS. Radhakrishnan _9109596 |
||
| 245 |
_aTh Hindu view of Life / _cS. Radhakrishnan |
||
| 260 |
_aLondon _bThe Macmillian company _c1931 |
||
| 300 | _a133 p.; | ||
| 505 | _aReligious Experience (Page-11), Conflict of Religion (Page-34), Hindu Dharma (Page-61). | ||
| 650 |
_ahinduis _9109597 |
||
| 942 |
_2ddc _cBK |
||
| 999 |
_c193665 _d193665 |
||